000 00194 a2200097 4500
020 _a9780060787127
041 _aeng
100 _aCornwell, bernard
245 _aThe pale horseman
942 _cBK
999 _c11545
_d11545